000 00790nam a2200241Ia 4500
003 OSt
005 20221006165801.0
006 a|||||r|||| 00| 0
007 ta
008 221006b |||||||| |||| 00| 0 hin d
024 _a7,417
037 _cDissertations
040 _aFML
_cFML
_bhin
041 _2hin
_ahin
100 _aBansal Neha Au.
_9680479
110 _aDelhi University. Faculty of Music and Fine Arts. Department of Music
245 0 _aVibbhinna Taalo Main Nibbadh Sitar Ki Bandishain Aur Usmain Nihit Saundarya Tatva - Mahiar Gharane Ke Vishesh Sandarbh Main
260 _c2013
300 _a134
_ccm.
700 _aDelhi University. Faculty of Music and Fine Arts. Department of Music
942 _cDIS
_2CC
999 _c1122030
_d1122030